[Event "Tata Steel-A 79th"]
[Site "Wijk aan Zee"]
[Date "2017.01.20"]
[Round "6"]
[White "Van Wely, Loek"]
[Black "Andreikin, Dmitry"]
[Result "1/2-1/2"]
[WhiteElo "2695"]
[BlackElo "2736"]
[Annotator "Krasenkow,M"]
[PlyCount "120"]
[EventDate "2017.01.14"]
[EventType "tourn"]
[EventRounds "13"]
[EventCountry "NED"]
[EventCategory "21"]
[SourceTitle "CBM 177"]
[Source "ChessBase"]
[SourceDate "2017.03.16"]
[SourceVersion "1"]
[SourceVersionDate "2017.03.16"]
[SourceQuality "1"]

1. d4 Nf6 2. c4 e6 3. Nf3 a6 4. Nc3 d5 {This leads to a Queen's Gambit side
line.} (4... c5 5. d5 b5 {is the original idea of 3...a6 introduced by the
Georgian GM Bukhuti Gurgenidze back in the 80s.}) 5. cxd5 exd5 6. Bg5 Be6 {
A relatively new attempt to justify 3...a6. Black wants to do without ...c7-c6
in order to play ...c7-c5 at a later stage; ...a7-a6 is useful in that case.
Still, it is quite an artificial setup.} 7. e3 (7. Qb3 {hardly makes sense due
to} b5 $5) 7... Nbd7 8. Bd3 h6 {Black ousts White's bishop immediately but it
is hardly the best idea.} ({In the event of} 8... Bd6 {White's bishop can
later retreat to f4, and after the exchange ...Bd6xf4 e3xf4 he will get
formidable pressure on the kingside due to the ideas Nf3-e5 or f4-f5. However,
Black is not forced to take on f4. Here are some examples:} 9. O-O (9. Bf4 {
is too early:} Bxf4 10. exf4 Bg4 11. Qe2+ Kf8 12. O-O-O Qe8 13. Qd2 Bxf3 14.
gxf3 Qe7 15. Ne2 c5 16. Ng3 g6 $13 {1/2 (27) Schlotterbeck,P (2152)-Jarabinsky,
M (2152) Lechenicher SchachServer 2012}) (9. h3 $5 O-O 10. O-O h6 $6 (10... c6
$5 11. Bf4 Qc7) 11. Bf4 $1 (11. Bh4 Re8 12. Ne2 c6 13. Bg3 Ne4 14. Bxe4 dxe4
15. Nd2 Bxg3 16. Nxg3 f5 $11 {1/2 (47) Grischuk,A (2754)-Carlsen,M (2857)
chess.com INT 2016}) 11... Qe7 12. Re1 Rac8 13. Ne5 c5 14. Qf3 $14 b5 $6 15.
Nxd7 Qxd7 16. Bxh6 $16 {0-1 (49) Ragger,M (2672)-Nabaty,T (2580) Warsaw 2013})
9... O-O (9... h6 10. Bf4 Qe7 11. Ne5 $14 (11. a3 $143 O-O 12. Re1 Bg4 13. Bg3
c6 14. Qc2 Rfe8 $11 {1/2 (75) Riazantsev,A (2651)-Rakhmanov,A (2662) Sochi RUS
2016})) (9... c6 $5 {[%cal Yd8c7]} 10. Bf4 $5 (10. h3 Qc7 11. Qd2 Nh5 12. e4 h6
13. Be3 dxe4 14. Bxe4 Ndf6 15. Bc2 O-O-O 16. Qe2 {1/2 (16) Mekhitarian,K (2570)
-Slipak,S (2433) Buenos Aires 2015}) (10. Qc2 Qc7 11. Bf5 Bxf5 12. Qxf5 O-O 13.
h3 Rae8 $11 {1/2 (27) Nagy,G (2403)-Pap,G (2551) Hastings 2016}) 10... Qc7 {
1/2 (10) Mareco,S (2581)-Flores,D (2567) Montevideo 2015} (10... Qc7 11. Bxd6
Qxd6 $11)) 10. Qc2 (10. h3 c6 $1 {- see above}) 10... h6 11. Bf4 Qe7 12. Bxd6
Qxd6 13. a3 Bg4 14. Nd2 c5 15. dxc5 Nxc5 16. h3 Bd7 17. Nf3 Rac8 18. Rac1 Qb6
19. b4 Nce4 20. Qb2 Nxc3 21. Rxc3 Rxc3 22. Qxc3 Rc8 23. Qa1 Qc7 $11 {0-1 (62)
Riazantsev,A (2671)-Carlsen,M (2840) Doha 2016}) 9. Bh4 (9. Bf4 {looks more
accurate since it doesn't allow 9.Bh4 Bd6.} Be7 $5 (9... Nh5 10. O-O $5) (9...
g5 10. Bg3 {- see game}) 10. O-O O-O {[%cal Yc7c5]} 11. Ne5 $14 {[%cal Yd1f3]})
9... g5 (9... Bd6 $142 {, and Black gets quite a comfortable position; the
exchange of the bishops on g3 is not dangerous for him:} 10. O-O (10. Qc2 c6
11. Bg3 Qe7 12. Bxd6 Qxd6 13. O-O O-O 14. Na4 Bg4 15. Nd2 a5 16. h3 Be6 17. f4
b5 18. Nc5 Nxc5 19. Qxc5 Qxc5 20. dxc5 Rfe8 $11 {1/2 (37) Smirnov,P (2595)
-Timofeev,A (2584) Khanty-Mansiysk RUS 2016}) (10. Rc1 c6 11. Bg3 Bxg3 12. hxg3
O-O 13. O-O Qc7 14. Qc2 Rfe8 15. Rfe1 Qd6 16. Na4 Rac8 17. Nc5 Nxc5 18. Qxc5
Qc7 19. Ne5 Nd7 $11 {1/2 (91) Guo,Q (2447)-Ju,W (2559) Yangzhou 2016}) 10...
O-O (10... c6 11. Qc2 O-O 12. Na4 Qc7 13. Bg3 Bxg3 14. hxg3 Rfe8 15. b4 Ne4 16.
Nc5 Bf5 $11 {0-1 (49) Nguyen,T (2282)-Ni,H (2691) Ho Chi Minh City 2016}) 11.
Rc1 Re8 (11... c6 12. h3 Re8 13. Ne2 Qb6 14. Qc2 Ne4 15. Bxe4 dxe4 16. Nd2 Bd5
17. Nc3 $14 {0-1 (80) Grischuk,A (2754)-Carlsen,M (2857) chess.com INT 2016})
12. Qc2 c6 13. a3 Qb8 14. Bg3 Bxg3 15. hxg3 a5 16. Rfe1 Qd6 17. Rb1 Bg4 18. Nd2
Nb6 $11 {1/2 (24) Bu,X (2705)-Riazantsev,A (2671) Doha 2016}) 10. Bg3 Nh5 11.
Be5 {The right course: it is better for White to keep his kingside pawn
structure intact.} (11. Qc2 Nxg3 (11... c6 12. Be5 $5 (12. Bf5 Bxf5 13. Qxf5
Nxg3 14. hxg3 Bg7 15. O-O-O Qe7 16. e4 Qe6 17. g4 Nf6 18. exd5 Qxf5 19. gxf5
cxd5 20. Rde1+ Kf8 21. Ne5 g4 22. a4 h5 $11 {0-1 (51) Dreev,A (2652)-Fedoseev,
V (2667) Moscow RUS 2016})) 12. hxg3 c6 13. O-O-O Bg7 14. Kb1 Qe7 15. Nd2 O-O-O
16. Na4 Kb8 17. Rc1 Ka7 18. Qc3 Rc8 19. Nb3 Qd8 20. Nbc5 Bf8 21. Nxd7 Qxd7 22.
Nc5 Qc7 $14 {/= 1/2 (40) Jakovenko,D (2714)-Fedoseev,V (2665) Novosibirsk 2016}
) 11... Ng7 12. h3 ({A number of games ended in a draw after} 12. Bg3 Nh5 {
etc. but Loek van Wely rightly plays for a win.}) 12... Nxe5 13. Nxe5 Bd6 14.
O-O {[%cal Yf2f4]} h5 $6 {Instead of this pawn advance, Black should have
rather prepared long castling:} (14... c6 $5 15. Rc1 $5 (15. f4 gxf4 16. exf4
Qb6 17. Bc2 O-O-O $13) 15... h5 $5 {is already possible} 16. f4 gxf4 17. exf4
Qb6 $13) 15. f4 $1 g4 (15... c6 {was still relatively better}) 16. f5 Bc8 17.
f6 $6 (17. Qa4+ $1 Kf8 (17... c6 18. Nxc6 $1) (17... Bd7 18. Nxd7 Qxd7 19.
Qxd7+ Kxd7 20. Nxd5 $18) 18. Qa5 $1 $18 {[%csl Rd5]}) 17... Ne6 18. Bf5 $6 {
Now it was time to take the pawn.} (18. hxg4 hxg4 19. Qxg4 $16) 18... c6 19.
hxg4 Qc7 $6 (19... Bxe5 20. dxe5 Qb6 $1 $132) 20. gxh5 Bxe5 21. dxe5 Qxe5 22.
Qe2 $6 (22. e4 $1 d4 23. Na4 Qc7 24. Qf3 $36) 22... Nc5 $1 23. Bxc8 $6 {
After this passive move Black seizes the initiative. White's pawn will be
rather weak in a simplified position.} (23. e4 $1 d4 24. Bxc8 $13 {[%cal Yf1f5]
lead to big complications.}) 23... Rxc8 24. g4 $6 (24. e4 $142 Rxh5 25. exd5
Qxe2 26. Nxe2 Rxd5 $15) 24... Rg8 25. Kh1 (25. Qg2 Qg5 26. Rf4 $140 Nd3) 25...
Ne4 26. Nxe4 Qxe4+ 27. Qf3 Qxg4 28. Qxg4 Rxg4 $17 {[%csl Re3,Rf6,Rh5][%mdl
4096]} 29. Rf4 Rg5 30. Rh4 Kd7 31. Rg1 Rcg8 $6 {This move just wastes time.} (
31... Rxg1+ $142 32. Kxg1 Ke6) 32. Rxg5 Rxg5 33. h6 Rg8 34. e4 (34. h7 $5 Rh8
35. Kg2 Ke6 36. Rb4 $1 b5 37. Rh4 Kf5 38. Rh1 {[%cal Yh1c1]}) 34... Ke6 35.
exd5+ Kxd5 36. a4 $6 (36. h7 Rh8 37. Kg2 Ke5 38. Rh3 Kxf6 39. Rb3 $1 $11) 36...
Ke6 37. a5 Kxf6 38. h7 Rh8 39. Rb4 Rxh7+ 40. Kg2 Rh5 41. Rxb7 Rxa5 42. Rb6 Rc5
43. Rxa6 Ke5 44. b4 Rc3 45. Rb6 f5 46. Rb8 (46. Rb7 $142 Kf4 47. b5 c5 48. Rc7)
46... Kf4 47. b5 Rc2+ 48. Kg1 Rb2 49. b6 Kg3 $1 50. Kf1 (50. Rg8+ Kf3 51. Rb8
f4 52. b7 Rg2+ $1 53. Kf1 Rg7 54. Ke1 Rd7 $19) 50... Kf3 51. Ke1 c5 $1 {
White can't trade the queenside pawns as his king has been pushed to the
"wrong" side of Black's f-pawn.} 52. Kd1 (52. Rc8 Rb1+ 53. Kd2 Rxb6 54. Rxc5 f4
$19) 52... c4 53. Kc1 c3 54. Rb7 f4 55. Rb8 $2 (55. Kd1 $1 Kf2 56. Rf7 f3 57.
b7 {may be still enough for a draw. It is important for White's rook to stay
on the 7th rank.}) 55... Kg3 $2 {Black returns the favour.} (55... Kf2 {
Surprisingly, this is a reciprocal zugzwang!} 56. Rf8 (56. b7 f3 $22 57. Kd1
Rd2+ $1 58. Kc1 Rd7 59. Kc2 Rg7 $19 {[%cal Yf2g2]}) (56. Rb7 f3 57. Kd1 Kf1 $19
) 56... f3 57. Rf6 Kg2 58. Rg6+ Kf1 59. Rf6 f2 60. Re6 Kg2 61. Rg6+ Kf3 62.
Rf6+ Ke2 $1 63. Re6+ Kf1 $22 64. Rf6 Ke1 65. Re6+ Re2 $19) 56. Rg8+ $2 (56. b7
$2 Kf3 57. Kd1 Rd2+ 58. Kc1 Rd7 59. Kc2 Rc7 60. Kd1 c2+ 61. Kc1 Re7 62. Kxc2
Ke2 63. Rf8 Rc7+ $19) (56. Rb7 $1 {was right.} Kf2 (56... Kf3 57. Kd1 $1) (
56... f3 57. Rg7+ {[%cal Yb6b7]}) 57. Rb8) 56... Kf2 $2 (56... Kf3 57. Rb8 (57.
Rg6 Kf2 $19) 57... Kf2) 57. Rb8 Kf3 (57... f3 58. b7 $22) (57... Ke3 58. Rb7 $1
) 58. b7 $22 Kf2 59. Rf8 Rxb7 60. Rxf4+ Ke3 1/2-1/2

[Event "Moscow Tal Memorial 6th"]
[Site "Moscow"]
[Date "2011.11.25"]
[Round "9"]
[White "Nepomniachtchi, Ian"]
[Black "Aronian, Levon"]
[Result "1/2-1/2"]
[WhiteElo "2730"]
[BlackElo "2802"]
[Annotator "Krasenkow,M"]
[PlyCount "169"]
[EventDate "2011.11.16"]
[EventType "tourn"]
[EventRounds "9"]
[EventCountry "RUS"]
[EventCategory "22"]
[SourceTitle "CBM 146"]
[Source "ChessBase"]
[SourceDate "2012.01.18"]
[SourceVersion "1"]
[SourceVersionDate "2012.01.18"]
[SourceQuality "1"]

1. d4 d5 2. c4 e6 3. Nc3 Be7 4. Nf3 Nf6 5. Bf4 O-O 6. e3 Nbd7 7. Qc2 c5 8. Rd1
{This line was examined in CBM 144, annotations to Aronian - Radjabov. GM
Levon Aronian now tries it as Black.} (8. cxd5 {and}) (8. dxc5 {are more
popular.}) 8... Qa5 (8... cxd4 {is another option - see the above-mentioned
game.}) 9. Nd2 (9. a3 Ne4 10. Bd3 cxd4 11. exd4 Ndf6 12. O-O Nxc3 13. bxc3 Bd7
14. Rb1 dxc4 15. Bxc4 Bc6 16. Ne5 Be4 $11 {1-0 Shulman,Y (2568)-Saidy,A (2374)/
Las Vegas 2001/EXT 2002 (35)}) 9... cxd4 10. exd4 dxc4 (10... Nh5 $6 11. Be3
Ndf6 12. Be2 g6 13. O-O Ng7 14. Bf4 dxc4 15. Nxc4 Qf5 16. Qc1 Nd5 17. Be5 Qg5
18. f4 Qh6 19. Rd3 $16 {1/2 Kovalenko,I (2584)-Zvjaginsev,V (2680)/
Magnitogorsk RUS 2011/The Week in Chess 889 (77)}) 11. Nxc4 Qd8 12. Bd3 Nb6 13.
O-O Bd7 14. Nxb6 Qxb6 15. d5 Rfd8 $146 {[%mdl 8]} (15... Kh8 16. Qe2 Rae8 $1 (
16... Rfe8 17. Be5 $1 exd5 18. Nxd5 Nxd5 19. Qe4 f5 (19... Qh6 20. Qxd5 Bc6 21.
Qxf7) 20. Qxd5 Rad8 21. Qf7 Qg6 (21... Bf6 $142 $14) 22. Qxg6 hxg6 23. Bc4 Ba4
24. b3 Bc6 25. Bf7 Rf8 26. Bxg6 $16 {1-0 Sargissian,G (2658)-Dambacher,M (2496)
/Rogaska Slatina SLO 2011/The Week in Chess 822 (38)}) 17. d6 {1/2 Svidler,P 
(2755)-Giri,A (2714)/Porto Carras 2011} (17. Be5 exd5 18. Nxd5 Nxd5 19. Qe4 Qh6
20. Qxd5 Bc6 $132 {- the f7-pawn is not hanging!})) 16. Qe2 (16. d6 Bf8 {
is double-edged as the d6-pawn can become weak. A possible line is:} 17. Be5
Bc6 18. Rfe1 Qc5 $1 19. Bxf6 gxf6 20. Bxh7+ Kg7 21. Be4 Bxd6 $11) (16. Be5 $5 {
[%cal Yd5d6]} Kh8 $5) 16... Rac8 17. Bb1 Bb4 $1 18. Be3 (18. Be5 $6 Bxc3 $1 19.
bxc3 exd5 (19... Bb5 20. Qc2 Bxf1 21. Bxf6 gxf6 22. Qxh7+ Kf8 23. Bg6 $1 fxg6
24. dxe6 $1 Qxe6 25. Qh6+ Ke8 26. Qh8+ Ke7 27. Qg7+ Ke8 28. Qh8+ Kf7 29. Qh7+
Kf8 30. Qh6+ Kg8 31. Qxg6+ Kf8 32. Qh6+ $11) 20. Qc2 g6 $15) 18... Qc7 19. Bd4
Bxc3 20. Bxc3 (20. d6 $5 Qc4 21. Qxc4 Rxc4 22. Bxc3 Nd5 $11) 20... Nxd5 21.
Rxd5 $1 {[%mdl 512]} (21. Qh5 $6 g6 22. Rxd5 Qxc3 $1 23. bxc3 gxh5 $15 {
K.Sakaev}) 21... exd5 22. Qd3 f5 23. Qxd5+ Kh8 24. Qf7 Rg8 25. Rd1 Be8 26. Qxc7
Rxc7 27. Bxf5 {White's compensation for the exchange should only be enough for
equality.} Bg6 28. Bg4 Re8 29. h4 Kg8 30. Bd7 Re7 31. Ba4 h6 32. f3 Kh7 33. Kf2
a6 34. Rd6 $11 b5 35. Bb3 Bf7 36. Bc2+ {White rightly evades the bishop
exchange keeping his bishop pair and tension in the position.} (36. Bxf7 Rxf7
37. Rxa6 b4 38. Bxb4 Rc2+ 39. Kg3 Rxb2 40. a3 Rc7 {[%cal Rc7c2]}) 36... Kg8 37.
Bf5 (37. a3 Re6) 37... Ra7 $6 {A passive move, after which White seizes the
initiative.} (37... Bxa2 38. Rxa6 (38. Rd8+ $6 Kf7 39. Bb4 (39. h5 Rxc3 $1 40.
bxc3 Ra7) 39... g6 $1 40. Be4 Red7) 38... Bf7 $11) 38. a3 Re8 39. g4 Bc4 (39...
a5 $1 {K.Sakaev}) 40. g5 (40. Bd4 $1 Rae7 (40... Raa8 41. Rd7 Bf7 42. Bg6 $1
Rf8 43. Kg3 $16 {K.Sakaev}) 41. Rxa6 Rd8 $1 42. Be3 $16) 40... hxg5 41. hxg5
Rf8 42. Bg4 a5 $1 {Black finally gets rid of this weakness.} 43. Kg3 Re8 44.
Bd7 Rea8 45. Be5 Kf8 46. Bg4 (46. f4 $36 {K.Sakaev} Rd8 $2 47. Bxb5 $1) 46...
Re7 47. Bd4 Ke8 $2 (47... a4 48. f4 $36) 48. Rg6 Bd3 49. Rb6 $2 {Strange
indecision.} (49. Rxg7 $1 Rxg7 50. Bxg7 Kf7 51. Bc3 Kg6 52. f4 {[%cal Ye3d4,
Yd4c5,Yg3f2,Yf2e3] , and White keeps good winning chances despite Black's
kingside blockade.}) 49... Rd8 50. Bc3 Rd5 51. Bh5+ (51. Be6 $5 Rxg5+ 52. Kf4
Rxe6 53. Rxe6+ Kd7 54. Re3 {, and White wins the a5-pawn (although hardly the
game, due to the opposite-coloured bishops).}) 51... Kd8 52. Kh4 (52. Bxa5
Rxg5+ 53. Kh4 Rxh5+ 54. Kxh5 Kc8 {with a similar outcome.}) (52. f4 $5 {
K.Sakaev}) 52... b4 (52... a4 $5 53. Rb8+ Kc7 54. Rg8 Rdd7 55. Bg4 Bc4 56. Bxd7
(56. Ra8 Kb7) 56... Kxd7 (56... Bxg8 57. Bxb5 Bb3 58. Bd3) 57. Rxg7 Rxg7 58.
Bxg7 Bd3 59. Kh5 Be2 60. Kg4 Bd3 {, and White can't win.}) {However, Black
confidently holds the position after the text move, too.} 53. axb4 axb4 54.
Rxb4 Kc7 55. f4 g6 56. Bf3 Rb5 57. Ra4 Re6 58. Kg3 Bf5 59. Ra7+ Kd8 60. Ra4 Ke8
61. Rd4 Rb8 62. Kf2 Reb6 63. Rd2 Rc8 64. Bd5 Rd6 65. Re2+ Kd7 66. Bb3 Ra6 67.
Rd2+ Ke8 68. Ke3 Rb6 69. Ba4+ Kf7 70. Bd7 Bxd7 71. Rxd7+ Ke8 72. Rh7 Rc4 73.
Rh6 Re6+ 74. Be5 Rb4 75. Kd3 Kd7 76. Rh7+ Kc6 77. Kc3 Re4 78. Rc7+ Kd5 79. Kd3
R6xe5 80. fxe5 Rxe5 81. Ra7 Ke6 82. Ra6+ Kf5 83. b4 Kxg5 84. Ra5 Kf4 85. Rxe5
1/2-1/2

[Event "Baku FIDE GP"]
[Site "Baku"]
[Date "2014.10.02"]
[Round "1"]
[White "Karjakin, Sergey"]
[Black "Caruana, Fabiano"]
[Result "0-1"]
[WhiteElo "2767"]
[BlackElo "2844"]
[Annotator "Krasenkow,M"]
[PlyCount "74"]
[EventDate "2014.10.02"]
[EventType "tourn"]
[EventRounds "11"]
[EventCountry "AZE"]
[EventCategory "21"]
[SourceTitle "CBM 163"]
[Source "ChessBase"]
[SourceDate "2014.11.11"]
[SourceVersion "1"]
[SourceVersionDate "2014.11.11"]
[SourceQuality "1"]

1. Nf3 d5 2. d4 Nf6 3. c4 e6 4. Nc3 Be7 5. Bf4 O-O 6. Rc1 Nbd7 7. cxd5 exd5 {
Black can't take with the knight - that's the idea of White's move order.
However, c1 is not the appropriate place for White's rook in the resulting
so-called Karlsbad structure.} 8. e3 c6 9. h3 ({After} 9. Bd3 {Black can play}
Nh5 {getting rid of White's dark-squared bishop.} 10. Qc2 Nxf4 11. Bxh7+ $6 {
doesn't work:} Kh8 12. exf4 Bd6 (12... g6 13. Bxg6 fxg6 14. Qxg6 Rf6 {is
possible, too, albeit it looks more risky}) 13. Ne5 Qh4 14. Bf5 Nxe5 15. fxe5
Qxd4 16. exd6 Qe5+ 17. Be4 f5 $17 {0-1 (37) Jorgensen,B (2248)-Antonsen,M 
(2456) Horsens 2013}) 9... Ne4 (9... Re8 10. Bd3 Nf8 11. O-O {leads to a
position arising from various move orders. It was examined by GM Igor Stohl in
his annotations to the blitz game Kasparov-Karpov (CBM 147). Here are some
more recent examples:} Ng6 (11... Bd6 $5 12. Bxd6 Qxd6 13. Qc2 Qe7 14. Rb1 a5
15. a3 Ne4 16. Bxe4 dxe4 17. Nd2 f5 18. Nc4 Be6 19. Ne5 Ng6 $11 {0-1 (52)
Colpe,M (2343)-Grabarczyk,M (2476) Lueneburg 2014}) 12. Bh2 Bd6 13. Bxd6 Qxd6
14. Qc2 Qe7 (14... Bd7 15. b4 $1 b6 16. b5 c5 17. dxc5 bxc5 18. Rfd1 Rac8 19.
Nxd5 Nxd5 20. Bc4 Be6 21. e4 Qf4 22. Bxd5 Bxh3 23. Ne1 Be6 24. Bc6 Re7 25. Nd3
Qf6 26. Nxc5 $16 {1/2 (40) Molner,M (2528)-Aravindh,C (2395) Reykjavik 2014}) (
14... Re7 15. Rb1 Bd7 16. b4 b6 17. b5 cxb5 18. Bxb5 Bc8 19. Bd3 Bb7 20. Rfc1
Ne4 21. Qa4 f5 22. Nb5 Qd8 23. g3 a6 24. Nc3 b5 25. Qb3 Rc8 26. Ne2 Rc4 $5 27.
h4 Rec7 $13 {1/2 (54) Giri,A (2701)-Nakamura,H (2770) Dortmund 2011}) 15. Rfe1
(15. a3 Ne4 16. Bxe4 dxe4 17. Nd2 f5 18. Ne2 Be6 19. Qc5 Qh4 20. Qd6 Rad8 21.
Qg3 Qh6 22. Nc4 Rf8 23. Ne5 f4 24. exf4 Nxf4 25. Nxf4 Rxf4 $132 {1/2 (37)
Bischoff,K (2547)-Baramidze,D (2591) Germany 2011}) (15. Rb1 Ne4 16. Bxe4 dxe4
17. Nd2 Bf5 18. f4 h5 19. b4 Rad8 20. b5 Nh4 21. bxc6 bxc6 22. Kh2 Be6 $1 $132
{[%cal Yh4f5,Yc6c5]} (22... Qe6 23. Nb3 Rb8 24. Qf2 Qf6 25. Nc5 $16 {0-1 (47)
Dragun,K (2546)-Narayanan,S (2420) Pune IND 2014})) 15... Ne4 16. b4 a6 17. a4
Nh4 18. Nxh4 Qxh4 19. Bf1 Bf5 20. Nxe4 Bxe4 21. Qd2 Re6 22. f3 Bf5 23. Qf2 {
1/2 (23) Banikas,H (2609)-Rychagov,A (2544) Paleochora 2013}) {You see that
Black obtains quite decent play after 9...Re8; however, the text move is even
simpler.} 10. Bd3 (10. Nxe4 dxe4 11. Nd2 Nf6 {[%cal Yc8e6]} 12. Bc4 Bf5 {
also looks comfortable for Black}) 10... Ndf6 (10... f5 $6 {weakens the dark
squares too much:} 11. O-O Ndf6 12. Ne5 Nd6 13. b4 Nfe4 14. a4 Nxc3 15. Rxc3 a5
16. b5 cxb5 17. axb5 Be6 18. Qc2 Rc8 19. Rxc8 Nxc8 20. Rc1 Bd6 21. Nf3 $14 {
1-0 (30) Krajic,K (2072)-Stastny,P (2072) Czechia 2011}) 11. O-O Bf5 {[%mdl 4]
An important development: Black has solved the problem of his light-squared
bishop, which is his common headache in the Karlsbad structure.} 12. Ne2 {
[%mdl 32] An attempt to apply the concept of "excessive piece", formulated by
Mark Dvoretzky (too many black pieces control the e4-square and get in each
other's way when White removes his pieces).} Nd7 {Fabiano Caruana has also
read Dvoretzky's books so he removes his "excessive" knight :-). Besides, his
knight now controls the e5-square.} 13. Qb3 Qb6 14. Qc2 {A small trick:
Black's queen is a bit misplaced on b6. However, it doesn't change the
evaluation: the position remains equal.} Bg6 15. Bh2 Rfe8 (15... Ng5 $5 {
(M.Notkin) allows} 16. Nxg5 Bxg5 17. b4 $5) 16. Nf4 Bd6 17. Nxg6 Bxh2+ 18. Kxh2
hxg6 19. g3 Qd8 20. Kg2 ({IM Maxim Notkin recommends} 20. h4 {, preventing ...
g6-g5. Then White could try Kh2-g2, Rf1-h1 and h4-h5, although Black could
reply ...g6-g5 at the end. The position remained equal.}) 20... g5 $1 21. Rh1
Qe7 22. b4 {This allows Black to sharpen the game.} (22. h4 g4 23. Ng5 {
is harmless due to} Ndf6 {(S.Zagrebelny)}) (22. Bxe4 dxe4 23. Nd2 Rad8 $11)
22... a5 $5 {Still, this plan is a bit risky since White's position in the
centre is quite strong.} (22... a6 {is more solid}) 23. b5 c5 24. h4 $5 {
An unusual example: a flank action in reply to an attack in the centre! Quite
a possible strategy when your centre is solid!} (24. dxc5 Ndxc5 $132) 24... g4
25. Ng5 Rac8 (25... cxd4 26. exd4 Ndf6 27. Qc7 $14 {S.Zagrebelny}) 26. Bxe4
dxe4 27. Qb3 (27. Rhd1 {, recommended by various commentators, is more
appropriate. After, say,} Qf6 (27... g6 28. dxc5 Nxc5 29. Rd4 {threatening 30.
Nxe4 Nxe4 31.Rxe4! Rxc2 32.Rxe7}) 28. a4 g6 29. Qb3 {White keeps some
initiative.}) 27... g6 {Black has noticed an idea of trapping White's
g5-knight by means of ...f7-f6. However,} (27... a4 {is premature due to} 28.
Qd5 c4 $2 29. Qxb7 f6 $2 30. Qd5+) (27... cxd4 28. exd4 Nb6 $11 {S.Zagrebelny}
29. Rc5 a4 $1) 28. Rc4 (28. Rhd1 a4 $1 29. Qxa4 $140 ({or} 29. Qd5 c4 $1 {
[%cal Rd7b6]} 30. Qxb7 f6 31. Qd5+ Kg7) 29... f6 {winning the g5-knight}) (28.
a4 $5 Kg7 {[%cal Rf7f6]} 29. Qc3 f6 30. d5 Nf8 31. Rhd1 Rcd8 32. b6 $1 Qe5 $1
33. Ne6+ Nxe6 34. Qxe5 fxe5 35. dxe6 $11 {_|_}) 28... b6 (28... a4 $5 {(S.
Zagrebelny)} 29. Rxa4 Nb6 30. Ra7 c4 31. Qc2 f6 32. Nxe4 Qxe4+ 33. Qxe4 Rxe4
34. Rxb7 Re6 $15) 29. Rhc1 Rcd8 30. dxc5 Nxc5 31. Rxc5 {White must sacrifice
the exchange to save his knight. His active position and passed pawn give him
decent compensation, though.} bxc5 32. Rxc5 Rc8 33. Re5 Qf6 34. Rd5 (34. Rxe8+
$142 Rxe8 35. Qd1 Qf5 36. a4 $44 {[%csl Gb5]}) 34... Red8 35. a4 $4 {[%mdl
8192] A terrible blunder.} ({However, after} 35. Rxd8+ Rxd8 36. Qc2 a4 $5 {
it is Black who can play for a win.}) 35... Rxd5 36. Qxd5 Rc2 37. Kh1 (37. Nxe4
Qf3+ $19 {was what White had overlooked}) 37... Rxf2 0-1